| 000 | 01799 a2200205 4500 | ||
|---|---|---|---|
| 999 |
_c26519 _d26519 |
||
| 008 | 230703b ||||| |||| 00| 0 eng d | ||
| 020 |
_a9789353432287 _cRs399.00 |
||
| 041 | 0 | _aeng | |
| 082 | 0 | 0 |
_a320.954 _bS61735 |
| 100 |
_aSingh, Abhay Prasad _95588 |
||
| 245 |
_aConstitutional Government and Democracy in India / _cAbhay Prasad Singh, and Krishna Murari |
||
| 260 |
_aNoida : _bPearson india education services pvt. ltd., _c2022. |
||
| 300 |
_axv, 376 p. ; _c23 cm. |
||
| 504 | _aIncludes bibliographies and index. | ||
| 505 | 0 | _aTable of Content 1. Constitutional Democracy in India: An Introduction 2. Constitutional Development in India 3. Philosophy and Features of the Indian Constitution 4. Debates on Fundamental Rights and Directive Principles 5. Union Legislature: The Parliament 6. President of India: People's President than a Figurehead 7. Union Executive: Prime Minister 8. Apex Judiciary in India 9. The Election Commission: An Important Pillar in Democratic Functioning 10. Federalism in India 11. Rural Local Self-government 12. Urban Governance in India Glossary References " | |
| 520 | _aConstitutional Government and Democracy in India, is a sincere attempt towards offering a deep insight into the constitutional foundations and institutional praxes of Indian democracy. This book provides a comparative and conceptual framework of constitutional designs and institutional functioning by drawing instances from various countries. This book is unique as the institutional foundations, their arrangements and accretion to them are analysed not only with the lens of Indian experience but also their functioning is scrutinized with changing trends in the normitivities of constitutionalism. | ||
| 650 | 0 | _aDemocracy | |
| 700 |
_95589 _aMurari, Krishna |
||
| 942 |
_2ddc _cBK |
||